000
00322nam a2200145Ia 4500
100
_a
Connell/ John
942
_c
BK
654
_a
computer
245
_a
Beginning Visual Basic 6 Database
260
_b
Wrox Press Ltd
_a
NONE
_c
1998
082
_a
005.133(wb)
_b
CON
300
_a
861
546
_a
ENGLISH
999
_c
30567
_d
30567